The Church to Africa (Record no. 125879)
[ view plain ]
| 000 -LEADER | |
|---|---|
| fixed length control field | 00403nam a22001217a 4500 |
| 008 - FIXED-LENGTH DATA ELEMENTS--GENERAL INFORMATION | |
| fixed length control field | 161206b xxu||||| |||| 00| 0 eng d |
| 050 ## - LIBRARY OF CONGRESS CALL NUMBER | |
| Classification number | BX1675.C561 1959 |
| 245 ## - TITLE STATEMENT | |
| Title | The Church to Africa |
| Remainder of title | Pastoral letters of the African Hierarchies |
| Statement of responsibility, etc | Catholic Church |
| 260 ## - PUBLICATION, DISTRIBUTION, ETC. (IMPRINT) | |
| Place of publication, distribution, etc | London |
| Name of publisher, distributor, etc | Sword of the Spirit |
| Date of publication, distribution, etc | 1959 |
| 300 ## - PHYSICAL DESCRIPTION | |
| Extent | 136p. ; |
| Dimensions | 19cm. |
| 650 ## - SUBJECT ADDED ENTRY--TOPICAL TERM | |
| Topical term or geographic name as entry element | Catholic Church in Africa |
| 9 (RLIN) | 26036 |
| 942 ## - ADDED ENTRY ELEMENTS (KOHA) | |
| Source of classification or shelving scheme | Library of Congress Classification |
| Item type | Monograph ( Printed materials) |
| Withdrawn status | Lost status | Source of classification or shelving scheme | Damaged status | Not for loan | Collection code | Home library | Current library | Shelving location | Date acquired | Total Checkouts | Full call number | Barcode | Date last seen | Price effective from | Koha item type |
|---|---|---|---|---|---|---|---|---|---|---|---|---|---|---|---|
| Library of Congress Classification | Main Collection | ARRUPE LIBRARY | ARRUPE LIBRARY | Main Collection | 06/12/2016 | BX1675.C561 1959 | 46500020874 | 22/11/2017 | 06/12/2016 | Monograph ( Printed materials) |